| 000 | 004900000a22001810004500 | ||
|---|---|---|---|
| 020 | _a0-465-03792-5 | ||
| 041 | 0 | _aENG | |
| 082 | 0 | 4 | _aG 616.8914 W353a |
| 100 | 1 | _aWatzlawick, Paul | |
| 245 | 1 | 0 | _aThe language of change : Elements of therapeutic communication / Paul Watzlawick |
| 260 | _aNew York, USA : Basic | ||
| 300 | _a172 Pag | ||
| 001 | 10489 | ||
| 942 | _cBK | ||
| 999 |
_c40040 _d40040 |
||
| 336 |
_atexto _btxt _2rdacontent |
||
| 337 |
_2rdamedia _asin mediación _bn |
||
| 338 |
_2rdacarrier _avolumen _bnc |
||